[Event "Choc des Generations"]
[Site "Montreal CAN"]
[Date "2017.04.07"]
[Round "1.4"]
[White "Tremblay, Rejean"]
[Black "Chiku-Ratte, Olivier-Kenta"]
[Result "1/2-1/2"]
[WhiteElo "2181"]
[BlackElo "2311"]
[PlyCount "149"]
[EventDate "2017.04.07"]
[EventType "schev"]
[EventRounds "5"]
[EventCountry "CAN"]

1. d4 Nf6 2. c4 g6 3. Nc3 Bg7 4. Nf3 O-O 5. Bf4 d6 6. h3 c5 7. dxc5 dxc5 8.
Qxd8 Rxd8 9. g4 Be6 10. e3 Nc6 11. Ng5 Bd7 12. O-O-O Rac8 13. Nf3 Ne8 14. Nd5
e6 15. Nc3 Bxc3 16. bxc3 Na5 17. Rg1 Bc6 18. Rxd8 Rxd8 19. Nd2 Ba4 20. Be2 f6
21. e4 e5 22. Be3 b6 23. g5 Bd7 24. gxf6 Nxf6 25. h4 Kf7 26. f3 Nh5 27. Nb3 Nc6
28. Bg5 Nf6 29. Nd2 Re8 30. Nf1 Nh5 31. Ne3 Be6 32. Nd5 Rc8 33. f4 Nxf4 34.
Bxf4 exf4 35. Nxf4 Ne5 36. Rg5 Kf6 37. Rxe5 Kxe5 38. Nxe6 h5 39. Ng5 Rf8 40.
Kd2 Rf2 41. Ke3 Rg2 42. Nf3+ Kf6 43. a4 Ke6 44. Kd3 Rg3 45. Ke3 Rg2 46. e5 a5
47. Kd3 Rg3 48. Ke4 Rg4+ 49. Ke3 Rg2 50. Kd3 Kf5 51. Ke3 Ke6 52. Kd3 Rg3 53.
Ke4 Rg4+ 54. Ke3 Rg2 55. Kd3 Rf2 56. Kd2 Rg2 57. Ke1 Ke7 58. Kf1 Rg4 59. Kf2
Rf4 60. Ke3 Rg4 61. Bd3 Rg2 62. Be4 Ra2 63. Bc6 Rc2 64. Kd3 Rf2 65. Be4 Ra2 66.
Bc6 Rf2 67. Ke4 Rc2 68. Kd3 Rf2 69. Ke3 Rc2 70. Bb5 Rxc3+ 71. Ke4 Rc2 72. Ng5
Rg2 73. Nf3 Rg4+ 74. Ke3 Ke6 75. Ba6 1/2-1/2

[Event "Choc des Generations"]
[Site "Montreal CAN"]
[Date "2017.04.08"]
[Round "2.1"]
[White "Chiku-Ratte, Olivier-Kenta"]
[Black "Libersan, Thierry"]
[Result "1-0"]
[WhiteElo "2311"]
[BlackElo "2094"]
[PlyCount "65"]
[EventDate "2017.04.07"]
[EventType "schev"]
[EventRounds "5"]
[EventCountry "CAN"]

1. d4 Nf6 2. c4 g6 3. Nc3 Bg7 4. e4 d6 5. f4 O-O 6. Nf3 c5 7. d5 e6 8. Be2 exd5
9. cxd5 b5 10. e5 dxe5 11. fxe5 Ng4 12. Bg5 Qb6 13. O-O a6 14. Qd2 Nd7 15. Rae1
c4+ 16. Kh1 h6 17. Bf4 g5 18. Bg3 Ne3 19. Bf2 Nxf1 20. Bxf1 Qg6 21. Bg3 Nc5 22.
Qe3 Nd3 23. Bxd3 cxd3 24. a3 Re8 25. Qd4 Bb7 26. Rd1 g4 27. Ne1 Rac8 28. Nxd3
Rc4 29. Qa7 Rxc3 30. bxc3 Bxd5 31. Nf4 Bxg2+ 32. Nxg2 Qc2 33. Rf1 1-0

[Event "Choc des Generations"]
[Site "Montreal CAN"]
[Date "2017.04.08"]
[Round "3.2"]
[White "Voskanyan, Vahagn"]
[Black "Chiku-Ratte, Olivier-Kenta"]
[Result "0-1"]
[WhiteElo "2213"]
[BlackElo "2311"]
[PlyCount "136"]
[EventDate "2017.04.07"]
[EventType "schev"]
[EventRounds "5"]
[EventCountry "CAN"]

1. Nf3 Nf6 2. c4 g6 3. g3 Bg7 4. Bg2 O-O 5. O-O d6 6. d4 c5 7. Nc3 Nc6 8. h3
Bd7 9. Be3 cxd4 10. Nxd4 Nxd4 11. Bxd4 Bc6 12. Qd2 Qa5 13. Rfd1 Rfc8 14. b3 a6
15. a4 Rab8 16. Rab1 Nd7 17. Bd5 Qb4 18. Rb2 a5 19. Bxg7 Kxg7 20. Qe3 Re8 21.
Qd4+ Kg8 22. Ne4 Qb6 23. Qc3 Rbc8 24. Qd2 Bxd5 25. Qxd5 Qc6 26. Qd4 Qc7 27. Ng5
Nf6 28. Qh4 Kg7 29. Ne4 Nd7 30. Nc3 Ne5 31. Nd5 Qd8 32. Qd4 Kg8 33. Qa7 Rb8 34.
Qe3 Qc8 35. Kg2 Qc6 36. Kh2 Qc8 37. Rbd2 Nc6 38. Kg2 Qf5 39. Nc3 Qe5 40. Qxe5
Nxe5 41. Rd5 b6 42. f4 Nd7 43. R5d3 Nc5 44. Re3 Nxb3 45. Nd5 Nc5 46. Rxe7 Rxe7
47. Nxe7+ Kf8 48. Nc6 Rc8 49. Rxd6 Nxa4 50. Ne5 Rc7 51. Nc6 Nc5 52. Nd4 Rd7 53.
Rxd7 Nxd7 54. Kf3 Ke7 55. Nb5 h5 56. e4 f6 57. Ke3 Ke6 58. Kd4 a4 59. g4 h4 60.
Nc7+ Ke7 61. Nb5 Nc5 62. f5 g5 63. Na3 Nd7 64. Kd5 Ne5 65. Nc2 Nxg4 66. Kc6
Ne5+ 67. Kxb6 g4 68. Ne3 gxh3 0-1

[Event "Choc des Generations"]
[Site "Montreal CAN"]
[Date "2017.04.09"]
[Round "4.5"]
[White "Chiku-Ratte, Olivier-Kenta"]
[Black "Bolduc, Steve"]
[Result "1/2-1/2"]
[WhiteElo "2311"]
[BlackElo "2192"]
[PlyCount "230"]
[EventDate "2017.04.07"]
[EventType "schev"]
[EventRounds "5"]
[EventCountry "CAN"]

1. d4 Nf6 2. c4 e6 3. Nc3 Bb4 4. f3 c5 5. d5 d6 6. e4 b5 7. Nge2 O-O 8. Nf4 e5
9. Nfe2 Ne8 10. Ng3 g6 11. cxb5 f5 12. Bd3 f4 13. Nge2 Qh4+ 14. Kd2 Nd7 15. Kc2
Nb6 16. b3 Nc7 17. a3 Ba5 18. Rb1 c4 19. bxc4 Bb7 20. Bd2 a6 21. a4 Rfc8 22. g3
Qd8 23. gxf4 axb5 24. axb5 Ne8 25. Rg1 Nxc4 26. Bxc4 Rxc4 27. f5 Bxc3 28. Bxc3
Ra2+ 29. Rb2 Qa5 30. Rxa2 Qxa2+ 31. Kd3 Ra4 32. Ke3 Qc4 33. Kf2 Ra2 34. Kf1
Qxb5 35. fxg6 hxg6 36. Rxg6+ Kf7 37. Rg2 Ba6 38. Ke1 Nf6 39. Bd2 Nd7 40. Rg1
Qb6 41. Rg2 Nc5 42. Nc1 Ra1 43. Qc2 Nd3+ 44. Kd1 Bc4 45. Qc3 Qb3+ 46. Qxb3
Bxb3+ 47. Ke2 Nxc1+ 48. Ke3 Ra2 49. Rg1 Bxd5 50. Rxc1 Be6 51. h4 d5 52. Rc7+
Kf6 53. exd5 Bxd5 54. Bc3 Rh2 55. f4 Rh3+ 56. Kd2 Rxh4 57. Bxe5+ Kf5 58. Ke3
Rh1 59. Rg7 Re1+ 60. Kd4 Rd1+ 61. Ke3 Re1+ 62. Kd4 Rd1+ 63. Kc5 Be6 64. Rg5+
Ke4 65. Kc6 Bf5 66. Rg2 Rf1 67. Re2+ Kf3 68. Rd2 Ke3 69. Ra2 Rxf4 70. Ra3+ Ke4
71. Bxf4 Kxf4 72. Kd6 Be4 73. Ke6 Bf5+ 74. Kf6 Be4 75. Ra4 Ke3 76. Ke5 Bd3 77.
Ra3 Kd2 78. Kd4 Bb1 79. Rh3 Kc2 80. Rh1 Kb2 81. Kc4 Ka1 82. Kc3 Ka2 83. Rh2+
Ka1 84. Kb3 Bf5 85. Rh6 Be4 86. Rh4 Bf5 87. Rh1+ Bb1 88. Rh8 Be4 89. Rd8 Bf5
90. Re8 Bg6 91. Re7 Bf5 92. Re3 Bg6 93. Rf3 Be4 94. Re3 Bf5 95. Re2 Bg6 96.
Ra2+ Kb1 97. Rf2 Ka1 98. Rf6 Be4 99. Rd6 Bf5 100. Ra6+ Kb1 101. Rf6 Bc2+ 102.
Kc3 Be4 103. Rb6+ Ka1 104. Rb4 Bg6 105. Kd2 Bb1 106. Kc1 Ba2 107. Rb5 Bf7 108.
Rb7 Be6 109. Kc2 Bf5+ 110. Kc3 Be6 111. Rb6 Bf7 112. Kc2 Bd5 113. Rd6 Be4+ 114.
Kb3 Bf5 115. Rf6 Be4 1/2-1/2

[Event "Choc des Generations"]
[Site "Montreal CAN"]
[Date "2017.04.09"]
[Round "5.3"]
[White "Sambuev, Bator"]
[Black "Chiku-Ratte, Olivier-Kenta"]
[Result "0-1"]
[WhiteElo "2547"]
[BlackElo "2311"]
[PlyCount "116"]
[EventDate "2017.04.07"]
[EventType "schev"]
[EventRounds "5"]
[EventCountry "CAN"]

1. e4 c5 2. Ne2 d6 3. g3 g6 4. Bg2 Bg7 5. c3 Nf6 6. O-O O-O 7. d4 Nbd7 8. h3
Qc7 9. Be3 Rb8 10. a4 b6 11. Na3 a6 12. f4 Bb7 13. d5 e6 14. c4 exd5 15. cxd5
Rfe8 16. Nc3 Nxe4 17. Nxe4 f5 18. Ng5 Rxe3 19. Ne6 Rxe6 20. dxe6 Bd4+ 21. Kh2
Bxg2 22. Kxg2 Nf6 23. Nc2 Bxb2 24. Rb1 Bc3 25. Rb3 Ne4 26. Qd5 Qb7 27. Ne3 Bd4
28. e7+ Qxd5 29. Nxd5 Kf7 30. Rfb1 c4 31. Rb4 Bc5 32. Rxc4 Nd2 33. Rcc1 Nxb1
34. Rxb1 b5 35. a5 b4 36. Rb3 Rb7 37. Kf3 Rxe7 38. Nxe7 Kxe7 39. Ke2 Kd7 40. g4
Kc6 41. gxf5 gxf5 42. Rg3 Kb5 43. Kd3 Kxa5 44. Rg5 Ka4 45. Rxf5 b3 46. Rd5 Ka3
47. f5 Ka2 48. Kc3 b2 49. Rd2 Ba3 50. f6 Ka1 51. f7 b1=Q 52. f8=Q Bb4+ 53. Kd4
Bxd2 54. Kd5 Qb3+ 55. Kc6 Qb5+ 56. Kc7 Ba5+ 57. Kc8 Qc6+ 58. Kb8 Bc7+ 0-1

[Event "Trois-Riveres op"]
[Site "Trois-Rivieres CAN"]
[Date "2017.03.17"]
[Round "1.2"]
[White "Rodrigue-Lemieux, Shawn"]
[Black "Chiku-Ratte, Olivier-Kenta"]
[Result "0-1"]
[WhiteElo "2188"]
[BlackElo "2491"]
[PlyCount "80"]
[EventDate "2017.03.17"]
[EventType "swiss"]
[EventRounds "5"]
[EventCountry "CAN"]

1. Nf3 Nf6 2. g3 b6 3. Bg2 Bb7 4. O-O c5 5. d3 d6 6. e4 Nbd7 7. c3 g6 8. a4 a6
9. Qb3 Bg7 10. e5 c4 11. Qxc4 Rc8 12. Qa2 Nd5 13. exd6 O-O 14. dxe7 Qxe7 15.
Re1 Qf6 16. Ng5 Qd6 17. d4 Rfe8 18. Bd2 h6 19. Ne4 Qc6 20. g4 Qc7 21. Na3 Nf4
22. Nd6 Qxd6 23. Bxb7 Nh3+ 24. Kg2 Qf6 25. f3 Qh4 26. Qd5 Nf6 27. Qd6 Qf2+ 28.
Kxh3 Qxd2 29. Bxc8 Rxc8 30. Rab1 h5 31. Kg3 hxg4 32. fxg4 Ne4+ 33. Rxe4 Qd3+
34. Kf4 g5+ 35. Kxg5 Qxe4 36. Kh4 Rc6 37. Qb8+ Kh7 38. Rf1 Qd3 39. Rf5 Rh6+ 40.
Rh5 Bf6+ 0-1

[Event "Trois-Riveres op"]
[Site "Trois-Rivieres CAN"]
[Date "2017.03.18"]
[Round "2.2"]
[White "Chiku-Ratte, Olivier-Kenta"]
[Black "Poulin, Mathieu"]
[Result "1-0"]
[WhiteElo "2491"]
[BlackElo "2248"]
[PlyCount "107"]
[EventDate "2017.03.17"]
[EventType "swiss"]
[EventRounds "5"]
[EventCountry "CAN"]

1. d4 d5 2. c4 e6 3. Nc3 Nf6 4. cxd5 exd5 5. Bg5 Be7 6. e3 c6 7. Bd3 O-O 8. Qc2
Nbd7 9. Nge2 Re8 10. O-O Nf8 11. f3 c5 12. Rae1 b6 13. Nf4 Be6 14. Bb5 Bd7 15.
Bxf6 Bxf6 16. Bxd7 Nxd7 17. Qd3 Bh4 18. g3 Bg5 19. Nfxd5 Rc8 20. f4 Bf6 21. Ne4
Rc6 22. Ndc3 Be7 23. d5 Rh6 24. d6 Bf8 25. Nb5 Qa8 26. Ng5 Qc6 27. Qc4 Rf6 28.
Nc7 Rb8 29. Rd1 Bxd6 30. Nd5 Rg6 31. Ne7+ Bxe7 32. Qxf7+ Kh8 33. Qxe7 Nf6 34.
Nf7+ Kg8 35. Ne5 Qe8 36. Nxg6 hxg6 37. Qxe8+ Rxe8 38. Rfe1 Re4 39. Kf2 Kf7 40.
Kf3 Ke7 41. g4 Re6 42. e4 Rc6 43. e5 Nd7 44. Re4 b5 45. f5 Nb6 46. Kf4 gxf5 47.
gxf5 Rh6 48. Kg5 Kf7 49. f6 Rg6+ 50. Kf5 gxf6 51. e6+ Kg7 52. e7 Nd5 53. Rxd5
Rg5+ 54. Ke6 1-0

[Event "Trois-Riveres op"]
[Site "Trois-Rivieres CAN"]
[Date "2017.03.18"]
[Round "3.1"]
[White "Ouellet, Maili-Jade"]
[Black "Chiku-Ratte, Olivier-Kenta"]
[Result "0-1"]
[WhiteElo "2210"]
[BlackElo "2491"]
[PlyCount "182"]
[EventDate "2017.03.17"]
[EventType "swiss"]
[EventRounds "5"]
[EventCountry "CAN"]

1. d4 Nf6 2. c4 c5 3. d5 e6 4. Nc3 exd5 5. cxd5 d6 6. e4 g6 7. f4 Bg7 8. Nf3
O-O 9. Be2 Bg4 10. O-O Nbd7 11. h3 Bxf3 12. Bxf3 Ne8 13. Re1 Rb8 14. a4 a6 15.
a5 Nc7 16. Qd3 b5 17. axb6 Rxb6 18. Ra2 Re8 19. Be3 Rb4 20. Kh2 Bd4 21. Re2 Qb8
22. Bc1 Qb6 23. Qd1 Rb3 24. Ra4 Bxc3 25. bxc3 Rxc3 26. Rb2 Nb5 27. Bd2 Rd3 28.
Qa1 c4 29. Rxa6 Qc5 30. Ra5 Rxf3 31. Rbxb5 Qf2 32. Be1 Qe2 33. Ra8 Rxa8 34.
Qxa8+ Kg7 35. Qa1+ Nf6 36. Rb2 Rxh3+ 37. Kxh3 Qh5+ 38. Bh4 Qg4+ 39. Kh2 Qxh4+
40. Kg1 Nxe4 41. Re2+ Nf6 42. Qd4 g5 43. Rf2 g4 44. f5 c3 45. Rf4 Qg3 46. Rf1
c2 47. Rc1 Qb3 48. Qd2 Ne4 49. Qd4+ Nf6 50. Qd2 h6 51. Rxc2 Qb1+ 52. Qc1 Qb6+
53. Kh1 Qd4 54. Qd2 Qe4 55. Qf2 Nh5 56. Rc3 Qxd5 57. f6+ Nxf6 58. Rc1 Qg5 59.
Rf1 g3 60. Qf5 Qh4+ 61. Qh3 Qxh3+ 62. gxh3 Ne4 63. Rf4 d5 64. Kg2 Kg6 65. Rf3
f5 66. Rd3 Kg5 67. Rxd5 h5 68. Rd8 Kf4 69. Rh8 Nf6 70. Rd8 h4 71. Rh8 Ke3 72.
Rxh4 f4 73. Rh8 f3+ 74. Kxg3 f2 75. Ra8 f1=Q 76. Ra3+ Ke4 77. Ra4+ Kf5 78. Ra5+
Kg6 79. Ra2 Qd3+ 80. Kh2 Qd6+ 81. Kh1 Qd5+ 82. Rg2+ Kh5 83. Kh2 Qe5+ 84. Kg1
Qe1+ 85. Kh2 Ne4 86. Rg4 Qf2+ 87. Rg2 Qf4+ 88. Kg1 Qf3 89. Ra2 Kh4 90. Rg2 Ng3
91. Kh2 Qf1 0-1

[Event "Trois-Riveres op"]
[Site "Trois-Rivieres CAN"]
[Date "2017.03.19"]
[Round "4.1"]
[White "Chiku-Ratte, Olivier-Kenta"]
[Black "Duong, Thanh Nha"]
[Result "0-1"]
[WhiteElo "2491"]
[BlackElo "2250"]
[PlyCount "164"]
[EventDate "2017.03.17"]
[EventType "swiss"]
[EventRounds "5"]
[EventCountry "CAN"]

1. d4 d5 2. c4 e6 3. Nc3 Nf6 4. cxd5 exd5 5. Bg5 Be7 6. Qc2 O-O 7. e3 Nbd7 8.
Bd3 b6 9. Nf3 Bb7 10. O-O c5 11. Rad1 Re8 12. Ne5 h6 13. Bf4 a6 14. Bf5 Nf8 15.
h3 Bd6 16. Bh2 Qe7 17. f4 b5 18. a3 Ne6 19. Kh1 Rac8 20. Qe2 cxd4 21. exd4 b4
22. axb4 Bxb4 23. Na4 Qc7 24. Bg1 Qa5 25. Ra1 Qc7 26. Be3 Qd6 27. Bd3 Rc7 28.
Qf2 a5 29. Qh4 Ba6 30. f5 Ng5 31. Bf4 Bxd3 32. Nxd3 Qd8 33. Bxc7 Qxc7 34. Rac1
Qb8 35. Nc3 Bd6 36. Rce1 Nge4 37. Nxd5 Ng3+ 38. Kg1 Nxd5 39. Rf3 Ne2+ 40. Kf2
Be7 41. f6 Bxf6 42. Rxf6 Nxf6 43. Rxe2 Rd8 44. Ne5 Qd6 45. Nf3 Nd5 46. Qe4 Nf4
47. Rd2 Nd5 48. Qe5 Qc6 49. Re2 Nf6 50. Qxa5 Rb8 51. Qf5 Qc1 52. Qc2 Qf4 53.
Qd3 Nh5 54. Qd2 Qg3+ 55. Kf1 Nf4 56. Re3 Qg6 57. Ne5 Qa6+ 58. Nd3 Nxd3 59. Rxd3
Rb3 60. Ke2 Qb5 61. Qd1 Rxb2+ 62. Kf1 Rb1 63. Qxb1 Qxb1+ 64. Ke2 Qc2+ 65. Rd2
Qe4+ 66. Kf2 Qd5 67. h4 f5 68. g3 Kf7 69. Rd3 Kf6 70. Rd2 Kg6 71. Ke3 Kh5 72.
Rd3 Kg4 73. Kd2 g6 74. Kc3 g5 75. hxg5 hxg5 76. Kd2 f4 77. gxf4 gxf4 78. Ke2
Qc4 79. d5 f3+ 80. Ke3 Qf4+ 81. Kf2 Qg3+ 82. Ke3 f2+ 0-1

[Event "Trois-Riveres op"]
[Site "Trois-Rivieres CAN"]
[Date "2017.03.19"]
[Round "5.2"]
[White "Luksza, Arkadiusz"]
[Black "Chiku-Ratte, Olivier-Kenta"]
[Result "1/2-1/2"]
[WhiteElo "2178"]
[BlackElo "2491"]
[PlyCount "102"]
[EventDate "2017.03.17"]
[EventType "swiss"]
[EventRounds "5"]
[EventCountry "CAN"]

1. Nf3 Nf6 2. g3 b6 3. Bg2 Bb7 4. O-O c5 5. c4 e6 6. Nc3 Be7 7. Re1 Ne4 8. Nxe4
Bxe4 9. d3 Bb7 10. e4 Nc6 11. b3 d6 12. Bb2 O-O 13. d4 cxd4 14. Nxd4 Nb8 15.
Nb5 a6 16. Qg4 g6 17. Nd4 Qd7 18. Rad1 Nc6 19. f4 Nxd4 20. Bxd4 Qc6 21. Qe2 b5
22. Rc1 Rfc8 23. Qd2 Bf8 24. h3 Qd7 25. Bb2 bxc4 26. Qd4 e5 27. fxe5 Bg7 28.
Qd2 cxb3 29. axb3 Qe6 30. exd6 Bxb2 31. Qxb2 Rxc1 32. Qxc1 Qxb3 33. Kh2 Qb6 34.
Qc7 Qxc7 35. dxc7 Rc8 36. Rc1 f6 37. h4 Kf7 38. Bh3 Re8 39. c8=Q Bxc8 40. Bxc8
Rxe4 41. Bxa6 Re7 42. Bc4+ Kg7 43. Kg2 Rc7 44. Rc2 Re7 45. Kf2 Ra7 46. Rb2 Rc7
47. Bd5 Kh6 48. Rb7 Rxb7 49. Bxb7 g5 50. hxg5+ Kxg5 51. Bc8 f5 1/2-1/2

[Event "RA March op"]
[Site "Ottawa CAN"]
[Date "2017.03.03"]
[Round "1"]
[White "Couture, Jonathan"]
[Black "Chiku-Ratte, Olivier-Kenta"]
[Result "0-1"]
[WhiteElo "2015"]
[BlackElo "2068"]
[PlyCount "66"]
[EventDate "2017.03.03"]
[EventType "swiss"]
[EventRounds "5"]
[EventCountry "CAN"]

1. e4 c5 2. Na3 Nc6 3. Bb5 Nd4 4. c3 Nxb5 5. Nxb5 d6 6. Ne2 Nf6 7. Na3 g6 8.
O-O Bg7 9. f3 O-O 10. Re1 Rb8 11. d4 Nd7 12. Be3 b6 13. Qd2 Re8 14. Nc2 Qc7 15.
Rac1 a5 16. Bh6 Bh8 17. Ne3 Bb7 18. Ng3 b5 19. h4 Qb6 20. Red1 Rbc8 21. Ne2 b4
22. Rb1 Qa7 23. h5 Nb6 24. hxg6 hxg6 25. Bf4 cxd4 26. cxd4 e5 27. Bh6 Ba6 28.
Nf5 Bxe2 29. Nxd6 Bxd1 30. Nxe8 Rxe8 31. Rxd1 Nc4 32. Qc1 exd4 33. Rd3 Qc5 0-1

[Event "RA March op"]
[Site "Ottawa CAN"]
[Date "2017.03.04"]
[Round "2"]
[White "Chiku-Ratte, Olivier-Kenta"]
[Black "Valdizon, Armando"]
[Result "1-0"]
[WhiteElo "2449"]
[BlackElo "2102"]
[PlyCount "83"]
[EventDate "2017.03.03"]
[EventType "swiss"]
[EventRounds "5"]
[EventCountry "CAN"]

1. d4 d5 2. c4 Nc6 3. cxd5 Qxd5 4. e3 e5 5. Nc3 Bb4 6. Bd2 Bxc3 7. bxc3 Nf6 8.
f3 O-O 9. e4 Qd6 10. d5 Ne7 11. Ne2 Bd7 12. c4 c5 13. Nc3 a6 14. g3 Ne8 15. Bd3
Qc7 16. a4 Nd6 17. f4 f6 18. a5 Rab8 19. O-O Ng6 20. f5 Ne7 21. Na4 g6 22. g4
g5 23. Nb6 Nec8 24. Qb3 Rf7 25. Be3 Be8 26. Qa3 h5 27. gxh5 Rh7 28. Bxc5 Rxh5
29. Bb4 Rh4 30. Rae1 Qh7 31. Rf2 Nf7 32. Nxc8 Rxc8 33. Be7 Qh6 34. Qb4 g4 35.
Qb6 g3 36. Rg2 Rxh2 37. Rxg3+ Ng5 38. Qe3 Kf7 39. d6 Bc6 40. Bxf6 Rh1+ 41. Kf2
Qh2+ 42. Rg2 {Time/temps} 1-0

[Event "RA March op"]
[Site "Ottawa CAN"]
[Date "2017.03.04"]
[Round "3"]
[White "Sambuev, Bator"]
[Black "Chiku-Ratte, Olivier-Kenta"]
[Result "1-0"]
[WhiteElo "2599"]
[BlackElo "2449"]
[PlyCount "53"]
[EventDate "2017.03.03"]
[EventType "swiss"]
[EventRounds "5"]
[EventCountry "CAN"]

1. d4 Nf6 2. Nf3 g6 3. Bg5 Bg7 4. Nbd2 c5 5. c3 b6 6. e4 Bb7 7. e5 Ne4 8. Nxe4
Bxe4 9. Bd3 Bb7 10. h4 cxd4 11. cxd4 h6 12. Bf4 Bd5 13. Rc1 Nc6 14. Bc4 Bxc4
15. Rxc4 b5 16. Rc5 Qa5+ 17. Qd2 Qxa2 18. O-O e6 19. d5 exd5 20. Rxd5 O-O 21.
Bxh6 Nd8 22. h5 Bxh6 23. Qxh6 Qxd5 24. Ng5 Re8 25. hxg6 Qxe5 26. gxf7+ Nxf7 27.
Qh7+ 1-0

[Event "RA March op"]
[Site "Ottawa CAN"]
[Date "2017.03.05"]
[Round "4"]
[White "Chiku-Ratte, Olivier-Kenta"]
[Black "Doubleday, William"]
[Result "1-0"]
[WhiteElo "2449"]
[BlackElo "2028"]
[PlyCount "125"]
[EventDate "2017.03.03"]
[EventType "swiss"]
[EventRounds "5"]
[EventCountry "CAN"]

1. d4 d5 2. c4 c6 3. Nf3 Nf6 4. Nc3 e6 5. e3 Nbd7 6. Qc2 Bd6 7. Bd3 O-O 8. O-O
Qe7 9. e4 dxe4 10. Nxe4 Nxe4 11. Bxe4 Nf6 12. Bd3 b6 13. Bg5 h6 14. Bh4 Bb7 15.
Rae1 Rfd8 16. a3 a5 17. Ne5 g5 18. Bg3 Nh5 19. Nxf7 Qxf7 20. Bg6 Qf6 21. Be5
Bxe5 22. dxe5 Qg7 23. Bxh5 c5 24. Bg4 Re8 25. Rd1 Re7 26. Qe2 Rf8 27. Rd6 Rf4
28. f3 Qg6 29. g3 Rd4 30. Bh3 h5 31. b3 Kg7 32. Qe3 g4 33. fxg4 hxg4 34. Rf6
Qh5 35. Bf1 Re4 36. Qd2 Rxe5 37. Rf4 Re4 38. Rd7 Rxf4 39. Rxe7+ Rf7 40. Qb2+
Kf8 41. Rxe6 Rf3 42. Bg2 Rf7 43. Rxb6 Bxg2 44. Rb8+ Ke7 45. Qe2+ Kf6 46. Kxg2
Qf5 47. Rg8 Re7 48. Rf8+ Rf7 49. Rxf7+ Kxf7 50. Qf2 Kg6 51. Qxf5+ Kxf5 52. h4
gxh3+ 53. Kxh3 Kg5 54. g4 Kg6 55. Kh4 Kh6 56. g5+ Kg6 57. Kg4 Kg7 58. Kf5 Kf7
59. g6+ Kg7 60. Kg5 Kg8 61. Kf6 Kf8 62. g7+ Kg8 63. a4 1-0

[Event "RA March op"]
[Site "Ottawa CAN"]
[Date "2017.03.05"]
[Round "5"]
[White "Gordon, David"]
[Black "Chiku-Ratte, Olivier-Kenta"]
[Result "0-1"]
[WhiteElo "2315"]
[BlackElo "2449"]
[PlyCount "148"]
[EventDate "2017.03.03"]
[EventType "swiss"]
[EventRounds "5"]
[EventCountry "CAN"]

1. d4 Nf6 2. Bg5 c5 3. Bxf6 gxf6 4. d5 Qb6 5. Qc1 Bh6 6. e3 f5 7. g3 Bg7 8. c3
d6 9. Na3 Nd7 10. Nc4 Qc7 11. a4 b6 12. Ne2 Nf6 13. Nf4 e5 14. dxe6 fxe6 15.
Qd1 d5 16. Bg2 O-O 17. O-O Re8 18. Nd2 c4 19. Nh5 Nxh5 20. Qxh5 Bb7 21. Nf3 a6
22. Ng5 h6 23. Nf3 Qe7 24. Nd4 Qg5 25. Qd1 e5 26. f4 Qg6 27. fxe5 Rxe5 28. Nf3
Re4 29. Nd4 Re5 30. Nf3 Rxe3 31. Nh4 Qe6 32. Nxf5 Re2 33. Nxg7 Qe3+ 34. Kh1
Kxg7 35. Rf3 Qe5 36. Qf1 Qe6 37. Rf7+ Qxf7 38. Qxe2 Re8 39. Qg4+ Qg6 40. Qd4+
Qf6 41. Qg4+ Qg5 42. Qd4+ Qf6 43. Qg4+ Qg6 44. Qd7+ Qf7 45. Qg4+ Kh8 46. Rf1
Qg7 47. Qxg7+ Kxg7 48. Kg1 Re5 49. Rf4 Bc6 50. a5 bxa5 51. Kf2 a4 52. g4 Re7
53. Rd4 Rb7 54. Rd2 Kf6 55. Ke3 Ke5 56. Rf2 Bd7 57. Rf7 Rxb2 58. Bxd5 Bb5 59.
Rf5+ Kd6 60. Be4 Rxh2 61. Rf6+ Kc5 62. Rf5+ Kb6 63. Rf6+ Ka5 64. Kd4 a3 65. Kc5
Re2 66. Bd5 a2 67. Rf1 Rb2 68. Ra1 Ka4 69. Bxc4 Bxc4 70. Kxc4 Ka3 71. Rh1 Rb1
72. Rxh6 a5 73. Ra6 a4 74. g5 Rg1 0-1

[Event "Vendredi 2017.02.17 A"]
[Site "Montreal CAN"]
[Date "2017.02.15"]
[Round "1"]
[White "Chiku-Ratte, Olivier-Kenta"]
[Black "Yu, Zong Yang"]
[Result "1-0"]
[WhiteElo "2467"]
[BlackElo "2478"]
[PlyCount "119"]
[EventDate "2017.02.17"]
[EventType "tourn"]
[EventRounds "3"]
[EventCountry "CAN"]

1. d4 Nf6 2. c4 e6 3. Nc3 Bb4 4. f3 O-O 5. a3 Bxc3+ 6. bxc3 Ne8 7. e4 b6 8. Nh3
Nc6 9. Bd3 Qh4+ 10. Nf2 Ba6 11. O-O Na5 12. Qe2 c5 13. Ra2 Rc8 14. Rc2 Qd8 15.
e5 d5 16. cxd5 Bxd3 17. Nxd3 Qxd5 18. Be3 cxd4 19. cxd4 Nc7 20. Rfc1 Nb3 21.
Rxc7 Nxc1 22. Rxc1 Qb3 23. Rd1 Rc2 24. Qf1 Rd8 25. f4 a5 26. f5 exf5 27. Qxf5
Rxg2+ 28. Kxg2 Qxd1 29. e6 Qc2+ 30. Kg3 Qc7+ 31. Nf4 fxe6 32. Qxe6+ Kh8 33. d5
b5 34. Bb6 Qc3+ 35. Kg4 Rf8 36. Qe7 Kg8 37. Bc5 h5+ 38. Kg5 Rf6 39. Qe8+ Kh7
40. Qe4+ Kg8 41. Bd4 Qc8 42. Nxh5 Rf7 43. Qe6 Qc4 44. Qe8+ Rf8 45. Qe5 Rf7 46.
Nxg7 Qc1+ 47. Be3 Qf1 48. Nf5 Qg2+ 49. Ng3 Rg7+ 50. Kf6 Qf3+ 51. Bf4 Rf7+ 52.
Kg5 Rxf4 53. Qxf4 Qxd5+ 54. Nf5 Qd8+ 55. Kg4 Qd1+ 56. Kh4 Qe1+ 57. Qg3+ Qxg3+
58. hxg3 b4 59. axb4 axb4 60. Nd4 1-0

[Event "Vendredi 2017.02.17 A"]
[Site "Montreal CAN"]
[Date "2017.02.24"]
[Round "2"]
[White "Leveille, Francois"]
[Black "Chiku-Ratte, Olivier-Kenta"]
[Result "0-1"]
[WhiteElo "2330"]
[BlackElo "2467"]
[PlyCount "64"]
[EventDate "2017.02.17"]
[EventType "tourn"]
[EventRounds "3"]
[EventCountry "CAN"]

1. e4 c5 2. Nf3 d6 3. d4 Nf6 4. Nc3 cxd4 5. Nxd4 g6 6. Be3 Bg7 7. f3 a6 8. Qd2
Nbd7 9. Bc4 b5 10. Bb3 Bb7 11. Bh6 Bxh6 12. Qxh6 b4 13. Qg7 Rf8 14. Nd5 Nxd5
15. exd5 Nb6 16. O-O-O Qc7 17. Rhe1 O-O-O 18. Qxh7 Nxd5 19. Qh3+ Kb8 20. Nc6+
Bxc6 21. Bxd5 Bxd5 22. Rxd5 Qc4 23. Rd2 Qxa2 24. Kd1 Qb1+ 25. Ke2 Qxb2 26. Qg4
Qc3 27. Rb1 a5 28. Rb3 Qe5+ 29. Re3 Qb5+ 30. Kf2 Qc5 31. c3 f5 32. cxb4 Qxe3+
0-1

[Event "CMA Futurity 2017.01.10 ABCD"]
[Site "Montreal CAN"]
[Date "2017.02.10"]
[Round "1"]
[White "Chiku-Ratte, Olivier-Kenta"]
[Black "Chabot, Roland"]
[Result "1-0"]
[WhiteElo "2284"]
[BlackElo "2152"]
[PlyCount "141"]
[EventDate "2017.02.10"]
[EventType "tourn"]
[EventRounds "5"]
[EventCountry "CAN"]

1. d4 d5 2. c4 e6 3. Nc3 Be7 4. cxd5 exd5 5. Bf4 c6 6. e3 Bf5 7. h3 Nf6 8. g4
Be6 9. Bg2 O-O 10. Nge2 Nbd7 11. O-O Nb6 12. Qd3 h6 13. Ng3 Bd6 14. Nce2 Bxf4
15. exf4 Qd6 16. g5 Nh7 17. h4 Rae8 18. Kh2 Bd7 19. Rae1 Re7 20. b3 Rfe8 21.
Bf3 Nf8 22. Nh5 Qg6 23. Qd2 Qf5 24. Ng1 Ng6 25. Kg3 Nc8 26. Re5 Rxe5 27. fxe5
hxg5 28. Qxg5 Qxg5+ 29. hxg5 Nce7 30. Bg4 Bxg4 31. Kxg4 c5 32. f4 cxd4 33. Nf3
Nc6 34. Rd1 Nge7 35. Nf6+ gxf6 36. gxf6 Ng6 37. Kf5 Kf8 38. Rh1 a5 39. a4 d3
40. Rd1 Nb4 41. Kg5 Nc6 42. Kf5 Nb4 43. Nd4 Nh4+ 44. Kg5 Ng2 45. Rh1 Kg8 46.
Nf5 Nc6 47. Nh6+ Kf8 48. Ng4 Kg8 49. Nh6+ Kf8 50. Nf5 Kg8 51. Rd1 Nxf4 52. Kxf4
Rxe5 53. Ne7+ Rxe7 54. fxe7 Nxe7 55. Rxd3 Kf8 56. Ke5 Nc6+ 57. Kd6 Nb4 58. Rd4
f5 59. Kc7 Ke7 60. Kxb7 Kd6 61. Kb6 Ke5 62. Rd1 d4 63. Kxa5 Nd5 64. Rd2 Ke4 65.
Kb5 Ke3 66. Rh2 f4 67. Rh5 f3 68. Re5+ Kd3 69. Rxd5 f2 70. Rf5 Ke2 71. Kc4 1-0

[Event "CMA Futurity 2017.01.10 ABCD"]
[Site "Montreal CAN"]
[Date "2017.02.11"]
[Round "2"]
[White "Yu, Zong Yang"]
[Black "Chiku-Ratte, Olivier-Kenta"]
[Result "0-1"]
[WhiteElo "2383"]
[BlackElo "2284"]
[PlyCount "110"]
[EventDate "2017.02.10"]
[EventType "tourn"]
[EventRounds "5"]
[EventCountry "CAN"]

1. d4 Nf6 2. c4 g6 3. Nc3 Bg7 4. Nf3 O-O 5. g3 d6 6. Bg2 c5 7. d5 e6 8. O-O
exd5 9. cxd5 Re8 10. Bf4 Ne4 11. Nxe4 Rxe4 12. Nd2 Rxf4 13. gxf4 Bxb2 14. Rb1
Bg7 15. e4 Nd7 16. Qf3 b5 17. Rfe1 Qa5 18. Qe2 Ba6 19. Nf3 b4 20. Qc2 Bc3 21.
Re3 Bc4 22. Rc1 Bxa2 23. Bf1 Nb6 24. Nd2 Bd4 25. Rf3 Qa4 26. Be2 f5 27. Rg3
fxe4 28. Qxe4 Qe8 29. Qf3 Bxd5 30. Bc4 Qf7 31. Bxd5 Qxd5 32. Ne4 Rf8 33. h4 Qf5
34. Rg4 h5 35. Rg5 Qxf4 36. Rxg6+ Bg7 37. Qxf4 Rxf4 38. Nxd6 Kh7 39. Rg5 Bd4
40. Nf5 Bf6 41. Rxh5+ Kg6 42. Ng3 b3 43. Rhxc5 b2 44. h5+ Kh6 45. Rb1 Rc4 46.
Rxb2 Rxc5 47. Ra2 Rc7 48. Ra5 Bc3 49. Rb5 Rc6 50. Nf5+ Kh7 51. Rb3 a5 52. Kf1
a4 53. Ra3 Bb2 54. Ra2 a3 55. Ne3 Na4 0-1